[Event "GER-ch U10"]
[Site "Willingen"]
[Date "2021.08.26"]
[Round "6"]
[White "Sydykov, Bayastan"]
[Black "Gloeckler, Christian"]
[Result "1/2-1/2"]
[WhiteElo "1209"]
[BlackElo "1581"]
[PlyCount "127"]
[EventDate "2021.08.22"]
[EventType "swiss"]
[EventRounds "11"]
[EventCountry "GER"]
[SourceTitle "EXT 2022"]
[Source "ChessBase"]
[SourceDate "2021.10.06"]
[SourceVersion "1"]
[SourceVersionDate "2021.10.06"]
[SourceQuality "1"]

1. e4 c5 2. Nf3 d6 3. d4 cxd4 4. Nxd4 Nf6 5. Nc3 a6 6. Be3 e5 7. Nf3 Be7 8. Bc4 0-0 9. 0-0 Nc6 10. Re1 Be6 11. Nd5 b5 12. Bb3 Bxd5 13. Bxd5 Rc8 14. c3 Nxd5 15. Qxd5 Na5 16. Nd2 Bg5 17. Nf3 Bxe3 18. Rxe3 Rc5 19. Qd3 Nc4 20. Re2 Qc7 21. b3 Nb6 22. Rd1 Rd8 23. Rc2 d5 24. Rdd2 Rd7 25. g3 dxe4 26. Qxe4 Rxd2 27. Rxd2 g6 28. h4 f5 29. Qe3 e4 30. Ng5 Rxc3 31. Rd8+ Qxd8 32. Qxc3 h6 33. Ne6 Qe7 34. Qc6 Nd7 35. Nf4 Ne5 36. Qxa6 Kh7 37. Qxb5 g5 38. Nd5 Qe6 39. h5 Qf7 40. a4 f4 41. Nc3 fxg3 42. Nxe4 Nf3+ 43. Kg2 Nh4+ 44. Kg1 Nf3+ 45. Kg2 Ne1+ 46. Kf1 g2+ 47. Kg1 Qe6 48. Qd7+ Qxd7 49. Nf6+ Kg7 50. Nxd7 Nd3 51. Kxg2 Kf7 52. a5 Nb4 53. Nc5 Ke7 54. Nd3 Nxd3 55. a6 Nf4+ 56. Kf3 Nd5 57. b4 Nb6 58. Ke4 Ke6 59. b5 Na8 60. f3 Nb6 61. Kd4 Kd6 62. Ke4 Ke6 63. Kd4 Kd6 64. Ke4 1/2-1/2